| 000 | 00571nam a22001577a 4500 | ||
|---|---|---|---|
| 008 | 230601b |||||||| |||| 00| 0 eng d | ||
| 040 |
_aNational Science Library _cNational Science Library |
||
| 080 |
_a620.91(042) _bL9 |
||
| 245 |
_aSolar energy conversion: _c/ Selected lectures from the 5th course on solar energy conversion, Ontario, Canada 6-19 August 1979 _bAn introductory course |
||
| 260 |
_aToronto: _bPergamon Press, _c1981 |
||
| 300 | _axxvii, 1312p. | ||
| 650 | _aSolar energy | ||
| 653 | _aResearch | ||
| 700 | _aJanzen, A F (Ed.) | ||
| 942 |
_2udc _cBK |
||
| 999 |
_c38227 _d38227 |
||